[Event "Cheliabinsk Panchenko Memorial op"]
[Site "Cheliabinsk"]
[Date "2019.09.10"]
[Round "2"]
[White "Danilenko, Denis O"]
[Black "Talypov, Ildar"]
[Result "1-0"]
[WhiteElo "1650"]
[BlackElo "2124"]
[PlyCount "137"]
[EventDate "2019.09.09"]
[EventType "swiss"]
[EventRounds "9"]
[EventCountry "RUS"]
[SourceTitle "EXT 2020"]
[Source "ChessBase"]
[SourceDate "2019.10.17"]
[SourceVersion "1"]
[SourceVersionDate "2019.10.17"]
[SourceQuality "1"]

1. d4 d5 2. c4 e6 3. Nc3 Nf6 4. Nf3 c6 5. e3 Nbd7 6. Qc2 Bd6 7. Bd3 0-0 8. 0-0 dxc4 9. Bxc4 e5 10. Rd1 Qc7 11. h3 a6 12. a4 exd4 13. Nxd4 Ne5 14. Be2 Rd8 15. b3 c5 16. Nf5 Be6 17. Nxd6 Rxd6 18. Bb2 Nc6 19. Rxd6 Qxd6 20. Rd1 Qe7 21. Na2 Na5 22. Nc1 Rc8 23. Qc3 Nc6 24. Bc4 Bxc4 25. Qxc4 Nb4 26. Nd3 Rd8 27. Bc3 Qe4 28. Bxb4 Qxc4 29. bxc4 cxb4 30. f3 a5 31. Kf2 Rc8 32. Nb2 Kf8 33. Rd6 Rc6 34. Rd8+ Ke7 35. Ra8 b6 36. Ra7+ Ke6 37. e4 Nd7 38. Ke3 Ne5 39. Rb7 g6 40. f4 Nd7 41. g4 Nc5 42. Rb8 Nb3 43. Re8+ Kd6 44. Rh8 Na1 45. Kd3 Kc5 46. e5 Rc7 47. Rd8 Kc6 48. Rd6+ Kb7 49. f5 Nb3 50. Ke4 Re7 51. Kd5 Nc5 52. h4 Kc7 53. Rc6+ Kb7 54. Rd6 Kc7 55. Rc6+ Kb7 56. Rd6 Nd7 57. Nd3 b3 58. f6 b2 59. Nxb2 Rxe5+ 60. Kd4 Re2 61. Rxd7+ Kc6 62. Rxf7 Rxb2 63. Rxh7 Rf2 64. f7 Kd6 65. Rg7 Rf4+ 66. Ke3 Rf1 67. Rxg6+ Kc5 68. Rg5+ Kxc4 69. Rf5 1-0